000 01081nam a2200313 i 4500
003 DO-SdBNP
005 20240521144647.0
006 a||||br|||| 00| 0
007 ta
008 240520t2000 dr a|||| |||| 00| 0 spa d
020 _a8482611607
040 _aDO-SdBNP
_bspa
_cBNPHU
_erda
082 4 _222
_bS161c
100 1 _aSalazar Flores, Violeta,
_985301
_eautora
245 1 0 _aCuaderno de matemáticas 3 /
_cVioleta Salazar Flores; ilustración: Ruddy Núñez y Frank Suárez; editor: Andrés Molina Moloon
264 4 _aSanto Domingo :
_bSantillana,
_c2000
_c©2000
300 _a63 páginas :
_bilustraciones ;
_c27 cm.
336 _2rdacontent
_atexto
_btxt
337 _2rdamedia
_asin mediación
_bn
338 _2rdacarrier
_avolumen
_bnc
490 _aUMBRAL
500 _aTercer Curso de Educación Básica.
590 _aInventariado 2024 / MF
650 4 _aEducación primaria
_91420
700 1 _aNúñez, Ruddy,
_923171
_eilustración
700 1 _aSuárez, Frank,
_910209
_eilustración
700 1 _aMolina Moloon, Andrés,
_96595
_eeditor
942 _2ddc
_cLBS1
999 _c56700
_d56700